| 000 | 01901cam a2200289 a 4500 | ||
|---|---|---|---|
| 001 | 3691 | ||
| 003 | FISKH | ||
| 005 | 20240411123748.0 | ||
| 008 | 991119s1999 fr b 001 0 fre | ||
| 010 | _a 00357364 | ||
| 020 | _a2070749959 | ||
| 035 | _a(FrPJT)JTL00039206 | ||
| 040 |
_aDLC _cDLC |
||
| 050 | 0 | 0 |
_aHB501 _b.B713 1999 |
| 100 | 1 | _aBoltanski, Luc. | |
| 245 | 1 | 3 |
_aLe nouvel esprit du capitalisme / _cLuc Boltanski, Eve Chiapello. |
| 260 |
_aParis : _bGallimard, _cc1999. |
||
| 300 |
_a843 pages : _c23 cm. |
||
| 490 | 0 | _aNRF essais | |
| 504 | _aIncludes bibliographical references (p. [779]-807) and indexes. | ||
| 520 | _aNew edition of this major work examining the development of neoliberalism In this established classic, sociologists Luc Boltanski and Eve Chiapello get to the heart of contemporary capitalism. Delving deep into the latest management texts informing the thinking of employers, the authors trace the contours of a new spirit of capitalism. They argue that beginning in the mid-1970s, capitalism abandoned the hierarchical Fordist work structure and developed a new network-based form of organization founded on employee initiative and autonomy in the workplace--a putative freedom bought at the cost of material and psychological security. This was a spirit in tune with the libertarian and romantic currents of the period (as epitomized by dressed-down, cool capitalists such as Bill Gates and Ben and Jerry) and, as the authors argue, a more successful, pernicious, and subtle form of exploitation. In this new edition, the authors reflect on the reception of the book and the debates it has stimulated. | ||
| 650 | 0 |
_aCapitalism _xSocial aspects. |
|
| 700 | 1 | _aChiapello, Eve. | |
| 906 |
_a7 _bcbc _corigres _d3 _encip _f20 _gy-gencatlg |
||
| 942 |
_2ddc _cBK _n0 |
||
| 999 |
_c3691 _d3691 |
||